000 00938nam a2200265Ia 4500
003 OSt
005 20220923211547.0
006 a|||||r|||| 00| 0
007 ta
008 Pun
020 _a9789384138868 (hbk)
_c300
024 _a320,008
037 _b768, 27/02/2017, H.K. Prakashan
_cTextual
040 _aARTS
_cARTS
_bPun
041 _2Pun
_aPun
082 _aO153(Y15),1:g, Q6
100 _aਰਾਜਬੀਰ ਕੌਰ, ਥਦ.
245 0 _aਆਧੁਨਿਕ ਪੰਜਾਬੀ ਨਾਰੀ ਕਾਵਿ
_b ਸੰਵਾਦ ਅਤੇ ਸਮੀਖਿਆ
260 _aਅੰਮ੍ਰਿਤਸਰ
_b ਕੇ.ਜੀ.ਗ੍ਰਫਿਕਸ
_c2016
300 _a224ਪ੍ਰ0
_ccm.
650 _a ਪੰਜਾਬੀ ਕਾਵਿ
650 _aਸ਼ਚਅਹ਼ਲਜ
942 _hO153(Y15),1:g, Q6
_cTEXL
_2CC
999 _c300794
_d300794